Foundations of College Chemistry (Record no. 478510)

000 -LEADER
fixed length control field 00488nam a22001817a 4500
003 - CONTROL NUMBER IDENTIFIER
control field NUST
005 - DATE AND TIME OF LATEST TRANSACTION
control field 20180601064026.0
008 - FIXED-LENGTH DATA ELEMENTS--GENERAL INFORMATION
fixed length control field 180601b ||||| |||| 00| 0 eng d
020 ## - INTERNATIONAL STANDARD BOOK NUMBER
International Standard Book Number 9788534357504
038 ## - RECORD CONTENT LICENSOR
Staff Name SNS Library
082 ## - DEWEY DECIMAL CLASSIFICATION NUMBER
Classification number 540
100 ## - MAIN ENTRY--PERSONAL NAME
Personal name Hein Arena
9 (RLIN) 10732
245 ## - TITLE STATEMENT
Title Foundations of College Chemistry
Remainder of title Hein, Arena
250 ## - EDITION STATEMENT
Edition statement Seventh Alternate Edition
260 ## - PUBLICATION, DISTRIBUTION, ETC.
Place of publication, distribution, etc. USA
Name of publisher, distributor, etc. Brooks/ Cole Publishing Company
Date of publication, distribution, etc. 1998
300 ## - PHYSICAL DESCRIPTION
Extent 464 p.
Other physical details Pb.
942 ## - ADDED ENTRY ELEMENTS (KOHA)
Source of classification or shelving scheme
Koha item type Book
Holdings
Withdrawn status Lost status Source of classification or shelving scheme Damaged status Not for loan Permanent Location Current Location Date acquired Total Checkouts Full call number Barcode Date last seen Price effective from Koha item type
          School of Natural Sciences (SNS) School of Natural Sciences (SNS) 06/01/2018   540 SNS0002340 06/01/2018 06/01/2018 Book
© 2023 Central Library, National University of Sciences and Technology. All Rights Reserved.